01203nam0a22002171 4500001001000000005001700010035002600027100004100053101000800094102000700102105001800109200044400127210002600571215001500597320003000612702006300642712022100705801001800926801002200944852001900966rc\23538120250621012157.0 a(NLR Aleph) 005497786 a20030307d1990 |||y0rusy50 ca0 arus aRU ay |||||||||1 aМЕТОДИКА проведения входного, текущего и итогового контроля знаний слушателейeМетод. разраб.fИн-т повышения квалификации руководящих работников и специалистов судостроит. пром-стиg[Кандидаты техн. наук, доценты М.И. Назаров, К.В. Дризен] aЛ.cИПКСПd1990 a27 с.d20 aБиблиогр.: с. 26 1aНазаровbМ.И.gМихаил Иванович422002aИнститут повышения квалификации руководящих работников и специалистов судостроительной промышленностиcЛенинград 0aRUbNLRgpsbo 1aRUbELAR2rusmarc aNLRj91-4/5373